Щукина П.

Доступно только в Электронных читальных залах Найти на картеНа карте
RUSMARC
00003987nac2a22003011x 450
001e23ded90-ee68-4fd7-ad75-f0757998c541
00520131119151042.0
100##$a20130605l19011904k y0rusy50 ca
1010#$arus
102##$aRU
105##$ay z |||||
1222#$ad19010220
$ad19040418
2001#$aЩукина П.
$j20 февраля 1901 - 18 апреля 1904
215##$a2 листа
251##$cДело
300##$aЗаголовок дела на папке: Письма Щукина П. Кони Анатолию Федоровичу
300##$a2 письма
300##$aЛисты 1-2: надорваны по правому краю
300##$aРукописный текст
330##$aПереписка А. Ф. Кони; Письма к А. Ф. Кони
461#0$10013a54f2e3-e9cf-409b-80fa-f0a9bd3c40cb
$12001
$aКони Анатолий Федорович, юрист, литератор, член академии наук, председатель Санкт-Петербургского окружного суда, член государственного совета
$1251
$cФонд
$1852
$j564
462#0$100178a475cd-a47d-4377-bff3-cee4b81de655
$12001
$aОпись дел фонда А. Ф. Кони за 1880-1931 гг.
$1251
$cОпись
$1852
$j1
517##$aПисьма Щукина П. Кони Анатолию Федоровичу
600#1$aКони
$bА. Ф.
$f1844-1927
$gАнатолий Федорович
600#1$aЩукин
$bП.
801#0$aRU
$bGA_RF
801#1$aRU
$bНПО Опыт
$c20130605
$2rusmarc
801#2$aRU
$bПБ им. Б.Н. Ельцина
$c20131119
$gRCR
$2rusmarc
852##$aГА РФ
$j3834
937##$d41818685
$hПБ
035##$aRuPRLIB51006394
Формат отображения